00213 a2200109 4500001000700000040001100007100001900018240002700037245002200064300000800086362000900094195056 cMagnum aBarton, Carol 10aMundo dos desejoslpor10aMundo dos desejos a1350 a2009